<?xml version="1.0" encoding="UTF-8"?>
<record
    xmlns:xsi="http://www.w3.org/2001/XMLSchema-instance"
    xsi:schemaLocation="http://www.loc.gov/MARC21/slim http://www.loc.gov/standards/marcxml/schema/MARC21slim.xsd"
    xmlns="http://www.loc.gov/MARC21/slim">

  <leader>00935nam a2200241 a 4500</leader>
  <controlfield tag="001">41359</controlfield>
  <controlfield tag="003">BD-RjUL</controlfield>
  <controlfield tag="005">20211209053355.0</controlfield>
  <controlfield tag="008">160529s1963    bg ||||| |||| 00| 0dben d</controlfield>
  <datafield tag="020" ind1=" " ind2=" ">
    <subfield code="c">: Tk. 1.50</subfield>
  </datafield>
  <datafield tag="035" ind1=" " ind2=" ">
    <subfield code="a">(BD-RjUL) 41476</subfield>
  </datafield>
  <datafield tag="040" ind1=" " ind2=" ">
    <subfield code="a">BD-RjUL</subfield>
    <subfield code="b">ben</subfield>
    <subfield code="c">BD-RjUL</subfield>
  </datafield>
  <datafield tag="041" ind1=" " ind2=" ">
    <subfield code="a">ben</subfield>
  </datafield>
  <datafield tag="082" ind1=" " ind2=" ">
    <subfield code="2">23</subfield>
    <subfield code="a">297.9924</subfield>
    <subfield code="b">AZM 1963</subfield>
  </datafield>
  <datafield tag="100" ind1="1" ind2=" ">
    <subfield code="a">&#x986;&#x99C;&#x9BE;&#x9A6;, &#x986;&#x9AC;&#x9C1;&#x9B2; &#x995;&#x9BE;&#x9B2;&#x9BE;&#x9AE; </subfield>
    <subfield code="9">127173</subfield>
  </datafield>
  <datafield tag="245" ind1="1" ind2="0">
    <subfield code="a">&#x9AE;&#x9B0;&#x9C1; &#x995;&#x9BF;&#x9B6;&#x9CB;&#x9B0;&#x9C0; /</subfield>
    <subfield code="c">&#x986;&#x9AC;&#x9C1;&#x9B2; &#x995;&#x9BE;&#x9B2;&#x9BE;&#x9AE; &#x986;&#x99C;&#x9BE;&#x9A6; ; &#x985;&#x9A8;&#x9C1;&#x9AC;&#x9BE;&#x9A6;&#x995;, &#x9A8;&#x9C2;&#x9B0;&#x9C1;&#x9A6;&#x9CD;&#x9A6;&#x9C0;&#x9A8; &#x986;&#x9B9;&#x9AE;&#x9A6;</subfield>
  </datafield>
  <datafield tag="260" ind1=" " ind2=" ">
    <subfield code="a">&#x9A2;&#x9BE;&#x995;&#x9BE; : </subfield>
    <subfield code="b">&#x9B2;&#x9A4;&#x9C0;&#x9AB; &#x9AC;&#x9C1;&#x995; &#x995;&#x9B0;&#x9AA;&#x9CB;&#x9B0;&#x9C7;&#x9B6;&#x9A8;, </subfield>
    <subfield code="c">&#x9E7;&#x9EF;&#x9EC;&#x9E9; (&#x9B9;&#x9BF;&#x99C;&#x9B0;&#x9C0; &#x9E7;&#x9E9;&#x9EE;&#x9E9;)</subfield>
  </datafield>
  <datafield tag="300" ind1=" " ind2=" ">
    <subfield code="a">&#x9E7;&#x9E6;&#x9EA; &#x9AA;&#x9C3;. ;</subfield>
    <subfield code="c">&#x9E7;&#x9EF; &#x9B8;&#x9C7;&#x9AE;&#x9BF;. </subfield>
  </datafield>
  <datafield tag="650" ind1=" " ind2=" ">
    <subfield code="a">&#x996;&#x9B2;&#x9BF;&#x9AB;&#x9BE;</subfield>
    <subfield code="9">125058</subfield>
  </datafield>
  <datafield tag="650" ind1=" " ind2=" ">
    <subfield code="a">Muslim Saints</subfield>
    <subfield code="9">118406</subfield>
  </datafield>
  <datafield tag="700" ind1=" " ind2=" ">
    <subfield code="a">&#x986;&#x9B9;&#x9AE;&#x9A6;, &#x9A8;&#x9C2;&#x9B0;&#x9C1;&#x9A6;&#x9CD;&#x9A6;&#x9C0;&#x9A8;, &#x985;&#x9A8;&#x9C1;&#x9AC;&#x9BE;&#x9A6;&#x995;, </subfield>
    <subfield code="9">127174</subfield>
  </datafield>
  <datafield tag="942" ind1=" " ind2=" ">
    <subfield code="2">ddc</subfield>
    <subfield code="c">BK</subfield>
  </datafield>
  <datafield tag="999" ind1=" " ind2=" ">
    <subfield code="c">41359</subfield>
    <subfield code="d">41359</subfield>
  </datafield>
  <datafield tag="952" ind1=" " ind2=" ">
    <subfield code="0">0</subfield>
    <subfield code="1">0</subfield>
    <subfield code="2">ddc</subfield>
    <subfield code="4">0</subfield>
    <subfield code="7">0</subfield>
    <subfield code="8">NFIC</subfield>
    <subfield code="a">RUCL</subfield>
    <subfield code="b">RUCL</subfield>
    <subfield code="c">Stack</subfield>
    <subfield code="d">1967-02-27</subfield>
    <subfield code="e">Farooq Library, Rajshahi</subfield>
    <subfield code="g">1.50</subfield>
    <subfield code="l">1</subfield>
    <subfield code="o">B 297.9924 AZM 1963</subfield>
    <subfield code="r">2018-04-01 00:00:00</subfield>
    <subfield code="s">2018-03-20</subfield>
    <subfield code="t">C-2</subfield>
    <subfield code="w">2016-05-29</subfield>
    <subfield code="y">BK</subfield>
  </datafield>
</record>
